| 000 | 01356cam a22004214a 4500 | ||
|---|---|---|---|
| 001 | 41817 | ||
| 005 | 20230410103902.0 | ||
| 008 | 990809s2000 nyub b 001 0 eng | ||
| 010 | _a 99044578 | ||
| 035 | _a(OCoLC)ocm42289933 | ||
| 040 |
_aDLC _cDLC _dUKM _dBTCTA _dYDXCP |
||
| 015 | _aGBA0-68154 | ||
| 020 | _a0765605147 (c :alk. paper) | ||
| 020 | _a9780765605146 (c :alk. paper) | ||
| 020 | _a0765605155 (p : alk. paper) | ||
| 020 | _a9780765605153 (p : alk. paper) | ||
| 035 | _a(OCoLC)42289933 | ||
| 042 | _apcc | ||
| 043 | _aa-is--- | ||
| 050 | 1 | 4 |
_a416 DS 126.5 _bG231p 2000 |
| 082 | 0 | 0 |
_a956.94 _221 |
| 049 | _aGRAL | ||
| 100 | 1 |
_aGarfinkle, Adam M., _d1951- |
|
| 245 | 1 | 0 |
_aPolitics and society in modern Israel : _bmyths and realities / _c[by] Adam Garfinkle. |
| 250 | _a2a ed. | ||
| 260 |
_aArmonk, N.Y. : _bM.E. Sharpe, _cc2000. |
||
| 300 |
_axiii, 336 p. cm. : _bmap ; _c24 cm. |
||
| 504 | _aIncludes bibliographical references (p. 325-330) and index. | ||
| 651 | 0 |
_aIsrael _xPolitics and government. |
|
| 651 | 0 |
_aIsrael _xSocial conditions. |
|
| 651 | 0 |
_aIsrael _xForeign relations. |
|
| 650 | 0 |
_aNational characteristics, Israeli _vAnecdotes. |
|
| 938 |
_aBaker and Taylor _bBTCP _n99044578 |
||
| 938 |
_aYBP Library Services _bYANK _n1592369 |
||
| 942 |
_2lcc _cbk |
||
| 994 |
_aC0 _bDRFGD |
||
| 946 | _aYSepulveda | ||
| 999 |
_c27741 _d27741 |
||